| 000 | 00949nam a22002657a 4500 | ||
|---|---|---|---|
| 001 | 4828 | ||
| 003 | FISKH | ||
| 005 | 20241017102253.0 | ||
| 008 | 241017b cb ||||| |||| 00| 0 eng d | ||
| 020 | _a9780590451598 | ||
| 040 |
_aFISKH _beng _cFISKH _dFISKH |
||
| 050 | _aKF4541.Z9 | ||
| 082 | _a342.73029 | ||
| 100 |
_aLevy, Elizabeth _d(1942-) |
||
| 245 |
_aWere there when they signed the constitution / _cBy Elizabeth Levy Illustrated by by Joan Holub |
||
| 250 | _aThis edition first printing in 2006 | ||
| 260 |
_aNew York : _bScholastic, _c2006. |
||
| 300 |
_a80 pages : _bColor illustrations ; _c19 cm |
||
| 520 | _aExplains the developments leading up to the writing of the Constitution, what the Constitution is, and what happened during the Constitutional Convention. | ||
| 650 |
_2History _aSocial studies |
||
| 650 |
_2Non-fiction _aRevolutionary War |
||
| 700 |
_aHolub, Joan _dIllustrator |
||
| 942 |
_2ddc _cBK _n0 |
||
| 999 |
_c4828 _d4828 |
||